| 000 | 00989nam a2200181 i 4500 | ||
|---|---|---|---|
| 001 | 189574 | ||
| 003 | ES-MaACL | ||
| 005 | 20250805063328.0 | ||
| 008 | 190620s1857 sp f |||| | spa d | ||
| 100 | 1 |
_aNaranjo y Garza, Felipe, _d1809-1877 _9141837 |
|
| 245 | 1 | 0 |
_aDiscurso sobre la necesidad de una descripción completa de la cordillera de Sierra-Morena _b: con relación a los tres reinos de la historia natural / _cleído por... Felipe Naranjo y Garza en la sesión pública de su recepción como académico numerario,... el día 11 de enero de 1857. |
| 260 |
_aMadrid : _bImp., Fund. y Lib. de Don Eusebio Aguado, _c1857. |
||
| 300 |
_a10 p. ; _c28 cm. |
||
| 594 | _aDatos tomados de cub. | ||
| 651 | 4 |
_aSierra Morena (España)- _xDescripción. _9167380 |
|
| 852 |
_aES-MaACL _jL-32448(7) _z- Enc. cart. _z. - Legado Federico de Botella y de Hornos _z- Enc. en un vol. facticio, con tít. en el lomo de: España, geología: memorias varias, 1 |
||
| 999 |
_c189574 _d189574 |
||